MICRO ECONOMICS (Record no. 25736)
[ view plain ]
| 000 -LEADER | |
|---|---|
| fixed length control field | 00302nam a22001457a 4500 |
| 003 - CONTROL NUMBER IDENTIFIER | |
| control field | SGT |
| 020 ## - INTERNATIONAL STANDARD BOOK NUMBER | |
| International Standard Book Number | 9789353599638 |
| 082 ## - DEWEY DECIMAL CLASSIFICATION NUMBER | |
| Classification number | 338.5 |
| Item number | CHO |
| 100 ## - MAIN ENTRY--PERSONAL NAME | |
| Personal name | CHOPRA P N |
| 245 ## - TITLE STATEMENT | |
| Title | MICRO ECONOMICS |
| 250 ## - EDITION STATEMENT | |
| Edition statement | 2 |
| 260 ## - PUBLICATION, DISTRIBUTION, ETC. (IMPRINT) | |
| Place of publication, distribution, etc | DELHI |
| Name of publisher, distributor, etc | KALYANI PUBLISHER |
| Year of Publication | 2013 |
| 300 ## - PAGE DESCRIPTION | |
| No. of Pages | 34.13 |
| 942 ## - ADDED ENTRY ELEMENTS (KOHA) | |
| Source of classification or shelving scheme | Dewey Decimal Classification |
| Koha item type | Books |
| 942 ## - ADDED ENTRY ELEMENTS (KOHA) | |
| -- | 2 |
| Withdrawn status | Lost status | Source of classification or shelving scheme | Damaged status | Not for loan | Collection code | Home library | Current library | Shelving location | Date acquired | Vendor Name | Cost, normal purchase price | SGTU | Bill Number | Full call number | Accession No. (Barcode) | Date last seen | Bill Date | Koha item type | Total Checkouts | Date last borrowed |
|---|---|---|---|---|---|---|---|---|---|---|---|---|---|---|---|---|---|---|---|---|
| Dewey Decimal Classification | Not For Loan | LAW | SGT Science & Social Sciences Library | SGT Science & Social Sciences Library | Reference Book | 24/02/2024 | COMMERCIAL BOOK HOUSE | 450.00 | SGTU | 2075 | 338.5 CHO | FL3240 | 24/02/2024 | 06/02/2024 | Books | |||||
| Dewey Decimal Classification | LAW | SGT Science & Social Sciences Library | SGT Science & Social Sciences Library | Text Book | 24/02/2024 | COMMERCIAL BOOK HOUSE | 450.00 | SGTU | 2075 | 338.5 CHO | FL3241 | 09/09/2024 | 06/02/2024 | Books | 1 | 24/08/2024 | ||||
| Dewey Decimal Classification | LAW | SGT Science & Social Sciences Library | SGT Science & Social Sciences Library | Text Book | 24/02/2024 | COMMERCIAL BOOK HOUSE | 450.00 | SGTU | 2075 | 338.5 CHO | FL3242 | 22/01/2025 | 06/02/2024 | Books | 1 | 20/01/2025 | ||||
| Dewey Decimal Classification | LAW | SGT Science & Social Sciences Library | SGT Science & Social Sciences Library | Text Book | 24/02/2024 | COMMERCIAL BOOK HOUSE | 450.00 | SGTU | 2075 | 338.5 CHO | FL3243 | 25/02/2026 | 06/02/2024 | Books | 1 | 25/02/2026 | ||||
| Dewey Decimal Classification | LAW | SGT Science & Social Sciences Library | SGT Science & Social Sciences Library | Text Book | 24/02/2024 | COMMERCIAL BOOK HOUSE | 450.00 | SGTU | 2075 | 338.5 CHO | FL3244 | 16/06/2025 | 06/02/2024 | Books | 1 | 03/06/2025 |